| 000 | 00000nam 2200000zi 4500 |
| 001 | 9.954273 |
| 003 | CaOODSP |
| 005 | 20250820110145 |
| 006 | m o d f |
| 007 | cr mn||||||||| |
| 008 | 250819e20241120onc obs f000 0 eng d |
| 040 | |aCaOODSP|beng|erda|cCaOODSP |
| 043 | |an-cn-on |
| 086 | 1 |aCS82-003/2024-11-1E-PDF |
| 100 | 1 |aMittmann, Nicole, |eauthor. |
| 245 | 10|aUpdated breast cancer costs for women by disease stage and phase of care using population-based databases / |cby Nicole Mittmann, Soo Jin Seung, Zharmaine Ante, Ning Liu, Jean HE Yong, Abeer Yusuf, Anna M Chiarelli, and Craig C Earle. |
| 264 | 1|a[Ottawa] : |bStatistics Canada = Statistique Canada, |cNovember 20, 2024. |
| 264 | 4|c©2024 |
| 300 | |a1 online resource (11 pages). |
| 336 | |atext|btxt|2rdacontent |
| 337 | |acomputer|bc|2rdamedia |
| 338 | |aonline resource|bcr|2rdacarrier |
| 490 | 1 |aHealth reports, |x1209-1367 ; |vvol. 35, no. 11, [1] |
| 500 | |aIssued also in French under title: Mise à jour des coûts du cancer du sein pour les femmes selon le stade de la maladie et la phase de soins à l’aide de bases de données fondées sur la population. |
| 504 | |aIncludes bibliographical references (page 11). |
| 520 | |a"This study assessed health care system costs and resource utilization for adult women with breast cancer in Ontario, Canada. The goal was to update costs by stage, age, and phase of care from a health care system perspective"--Page 3. |
| 650 | 0|aBreast|xCancer|zOntario|vStatistics. |
| 650 | 0|aBreast|xCancer|xTreatment|zOntario|xCosts|vStatistics. |
| 655 | 7|aStatistics|2lcgft |
| 710 | 2 |aStatistics Canada, |eissuing body. |
| 775 | 08|tMise à jour des coûts du cancer du sein pour les femmes selon le stade de la maladie et la phase de soins à l’aide de bases de données fondées sur la population / |w(CaOODSP)9.954280 |
| 830 | #0|aHealth reports (Series)|x1209-1367 ; |vvol. 35, no. 11, [1].|w(CaOODSP)9.950253 |
| 856 | 40|qPDF|s671 KB|uhttps://publications.gc.ca/collections/collection_2025/statcan/82-003-x/CS82-003-2024-11-1-eng.pdf |
| 856 | 41|qHTML|sN/A|uhttps://www150.statcan.gc.ca/n1/pub/82-003-x/2024011/article/00001-eng.htm |